The Law and Practice of Banking / (Record no. 87)

MARC details
000 -LEADER
fixed length control field 00532nam a22001817a 4500
005 - DATE AND TIME OF INPUT
control field 20231026124954.0
008 - DATA ELEMENTS--GENERAL INFORMATION
fixed length control field 231026b |||||||| |||| 00| 0 eng d
020 ## - INTERNATIONAL STANDARD BOOK NUMBER
International Standard Book Number 0273013793
041 ## - LANGUAGE CODE
Language code of text English
082 ## - SHELF NUMBER
DDC number 347.7 MIL
100 ## - MAIN AUTHOR
Main author's name Holden, JM
Language of a work English
245 ## - TITLE STATEMENT
Title The Law and Practice of Banking /
Statement of responsibility, etc. JM Holden
250 ## - EDITION STATEMENT
Edition statement Third Edition
260 ## - PUBLICATION, DISTRIBUTION, ETC.
Place of publication, distribution, etc. London:
Name of publisher, distributor, etc. Pitman Publishing Limited,
Date of publication, distribution, etc. 1982
300 ## - PHYSICAL DESCRIPTION
Other physical details lviii, 470 pages ;
Dimensions 22 cm.
650 ## - SUBJECT`
Broad subject Legal practice
Own subject terms Law
942 ## - ADDED ENTRY ELEMENTS (KOHA)
Item type Books
942 ## - ADDED ENTRY ELEMENTS (KOHA)
-- ALISON_BN_VRIES
Holdings
Source of classification or shelving scheme Volume number (bound volume or other part) Not for loan Collection code Home library Current library Shelving location Date acquired Full call number Barcode Price effective from Koha item type
Dewey Decimal Classification Volume 1: Banker and Customer   TEXT BOOKS LAW SOCIETY OF NAMIBIA LIBRARY - WINDHOEK LAW SOCIETY OF NAMIBIA LIBRARY - WINDHOEK INSOLVENCY AND INSURANCE 10/26/2023 346.7 MIL LSN/2000/14 10/26/2023 Books